000 00494 a2200169 4500
005 20250606112037.0
020 _a978-0-07-296941-2
082 _aLECT 658.32 MIL
100 _aMILKOVICH, G. T
245 _aCompensation
250 _a9th Ed.
260 _aBoston,
_bMcGraw-Hill,
_c2008.
300 _axvii, 652p.: ill.; chart, figure, graph, table.
_bGlossary & Index,
_c24cm.
700 _aNEWMAN, J. M.
856 _yAccess online book
_fCompensation
_dwww.mhhe.com
942 _2ddc
_cBKS
999 _c3306
_d3306